000 00850nam a2200217 a 4500
001 BRCA_882
005 20190320203206.0
008 291005s1995----it-a---###---#000-0#eng-d
020 _a8878310409
050 4 _aTT298
_b.N27 1995
245 1 0 _aNarcissus Quagliata
_bPintando con luz
_cIntroducción Héctor Rivero Borrell ; Ensayos Kenneth R. Trapp ; Rosa Barovier Mentasti.
260 _aRoma
_bIl. cigno Galileo Galilei
_c1995
300 _a116 p.
_bil.
_c32 cm.
500 _aCatálogo de la exposición realizada en el Museo Franz Mayer (Ciudad de México), 27 septiembre, 1995
546 _aTexto en : español, italiano e inglés
650 1 4 _aVitrales
_vExposiciones
_xTécnica y ornamentación
_92937
700 1 _aRivero Borrell, Héctor
_92938
700 1 _aTrapp, Kenneth R
_92939
700 1 _aBarovier Mentasti, Rosa
_92940
942 _2lcc
_cB
999 _c777
_d777